Nonlinear time series analysis / (Record no. 181328)

000 -LEADER
fixed length control field 01037 a2200277 4500
003 - CONTROL NUMBER IDENTIFIER
control field Nust
005 - DATE AND TIME OF LATEST TRANSACTION
control field 20230819091855.0
010 ## - LIBRARY OF CONGRESS CONTROL NUMBER
LC control number 2003044031
020 ## - INTERNATIONAL STANDARD BOOK NUMBER
International Standard Book Number 0521529026 (pbk.)
020 ## - INTERNATIONAL STANDARD BOOK NUMBER
International Standard Book Number 0521821509 (hardback)
040 ## - CATALOGING SOURCE
Transcribing agency Nust
082 00 - DEWEY DECIMAL CLASSIFICATION NUMBER
Classification number 519.55, KIN
100 1# - MAIN ENTRY--PERSONAL NAME
Personal name Kantz, Holger,
9 (RLIN) 114183
245 10 - TITLE STATEMENT
Title Nonlinear time series analysis /
Statement of responsibility, etc. Holger Kantz and Thomas Schreiber.
250 ## - EDITION STATEMENT
Edition statement 2nd ed.
260 ## - PUBLICATION, DISTRIBUTION, ETC.
Place of publication, distribution, etc. Cambridge, UK ;
-- New York :
Name of publisher, distributor, etc. Cambridge University Press,
Date of publication, distribution, etc. 2004.
300 ## - PHYSICAL DESCRIPTION
Extent xvi, 369 p. :
Other physical details ill. ;
Dimensions 26 cm.
505 ## - FORMATTED CONTENTS NOTE
Formatted contents note Part-1: Basic Topics (Page-1), Part-II: Advance Topics (Page-143)
650 #0 - SUBJECT ADDED ENTRY--TOPICAL TERM
Topical term or geographic name entry element Nonlinear theories.
9 (RLIN) 655
650 #0 - SUBJECT ADDED ENTRY--TOPICAL TERM
Topical term or geographic name entry element Time-series analysis.
700 1# - ADDED ENTRY--PERSONAL NAME
Personal name Schreiber, Thomas,
Dates associated with a name 1963-
9 (RLIN) 114184
856 41 - ELECTRONIC LOCATION AND ACCESS
Materials specified Publisher description
Uniform Resource Identifier <a href="http://www.loc.gov/catdir/description/cam032/2003044031.html">http://www.loc.gov/catdir/description/cam032/2003044031.html</a>
856 41 - ELECTRONIC LOCATION AND ACCESS
Materials specified Sample text
Uniform Resource Identifier <a href="http://www.loc.gov/catdir/samples/cam041/2003044031.html">http://www.loc.gov/catdir/samples/cam041/2003044031.html</a>
856 41 - ELECTRONIC LOCATION AND ACCESS
Materials specified Table of contents
Uniform Resource Identifier <a href="http://www.loc.gov/catdir/toc/cam032/2003044031.html">http://www.loc.gov/catdir/toc/cam032/2003044031.html</a>
942 ## - ADDED ENTRY ELEMENTS (KOHA)
Source of classification or shelving scheme
Koha item type Book
Holdings
Withdrawn status Lost status Source of classification or shelving scheme Damaged status Not for loan Permanent Location Current Location Shelving location Date acquired Full call number Barcode Date last seen Price effective from Koha item type Public note
          Military College of Signals (MCS) Military College of Signals (MCS) General Stacks 12/12/2016 519.55,KAN MCS31733 12/08/2016 12/12/2016 Book Almirah No.14, Shelf No.6
© 2023 Central Library, National University of Sciences and Technology. All Rights Reserved.